| 000 | 00703nam a2200217 i 4500 | ||
|---|---|---|---|
| 001 | 45337 | ||
| 003 | ES-MaACL | ||
| 007 | t| | ||
| 008 | 030325s1980 fr ||||1| fre d | ||
| 100 | 1 |
_aColonna d'Istria, Gérard. _939885 |
|
| 245 | 1 | 2 |
_aL'art politique chez Machiavel _b: principes et méthode / _cpar Gérard Colonna d'Istria et Roland Frapet. |
| 260 |
_aParis : _bJ. Vrin, _c1980. |
||
| 300 |
_a218 p. ; _c24 cm. |
||
| 490 | 1 | _aBibliothèque d'histoire de la philosophie | |
| 500 | _aIndice. | ||
| 504 | _aBibliografía. | ||
| 700 | 1 |
_aFrapet, Roland. _952369 |
|
| 830 | 0 |
_aBibliothèque d'histoire de la philosophie _9177275 |
|
| 852 |
_aES-MaACL _jG-1668 _bR.113805 |
||
| 999 |
_c45337 _d45337 |
||